MARC details
| 000 -CABECERA |
| campo de control de longitud fija |
03143nam a2200313 4500 |
| 003 - IDENTIFICADOR DEL NÚMERO DE CONTROL |
| campo de control |
EC-UNACH |
| 005 - FECHA Y HORA DE LA ÚLTIMA TRANSACCIÓN |
| campo de control |
20260330171258.0 |
| 006 - CÓDIGOS DE INFORMACIÓN DE LONGITUD FIJA--CARACTERÍSTICAS DEL MATERIAL ADICIONAL |
| campo de control de longitud fija |
s||||gr|||| 00| 00 |
| 008 - DATOS DE LONGITUD FIJA--INFORMACIÓN GENERAL |
| campo de control de longitud fija |
150116t9999 mx r gr 000 0 spa d |
| 020 ## - NÚMERO INTERNACIONAL ESTÁNDAR DEL LIBRO |
| Número Internacional Estándar del Libro |
978-9942-835-89-5 |
| 040 ## - FUENTE DE LA CATALOGACIÓN |
| Centro catalogador/agencia de origen |
EC-UNACH |
| Centro/agencia transcriptor |
EC-UNACH |
| 041 ## - CÓDIGO DE LENGUA |
| Código de lengua del texto/banda sonora o título independiente |
Eng |
| 082 04 - NÚMERO DE LA CLASIFICACIÓN DECIMAL DEWEY |
| Número de edición |
23 |
| Número de clasificación |
005.3 |
| Número de documento/Ítem |
L015130 |
| 100 ## - ENTRADA PRINCIPAL--NOMBRE DE PERSONA |
| Nombre de persona |
Machado, Guillermo / Molina, Lorena |
| 245 ## - MENCIÓN DE TÍTULO |
| Título |
Surface Flows simulation by cellular automata: A short review of the llunpiy model. |
| 250 ## - MENCIÓN DE EDICIÓN |
| Mención de edición |
Primera Edición |
| 264 ## - Producción, publicación, distribución, fabricación y copyright |
| Lugar de producción, publicación, distribución, fabricación |
Riobamba - Ecuador |
| Nombre del de productor, editor, distribuidor, fabricante |
Universidad Nacional de Chimborazo |
| Fecha de de producción, publicación, distribución, fabricación o copyright |
2022 |
| 264 ## - Producción, publicación, distribución, fabricación y copyright |
| Nombre del de productor, editor, distribuidor, fabricante |
Producción UNACH |
| 300 ## - DESCRIPCIÓN FÍSICA |
| Extensión |
174 páginas |
| Otras características físicas |
figuras |
| 500 ## - NOTA GENERAL |
| Nota general |
Lahars represent one of the most destructive natural disasters regarding the loss of human lives, but also for making havoc on public infrastructures and ecological habitats. They are very complex surface flows subdivided into two main categories, primary and secondary lahars. Primary lahars are those that originated directly from eruptive volcanic activity, as in the tremendous 1985 Colombian event of Nevado del Ruiz. In contrast, secondary lahars may occur in post-eruptive events or quiescent periods. This volcanic debris flow, a mixture of water and pyroclastic sediments with high density and viscosity, under steep-slope conditions, is capable of reaching high speeds and can travel great distances.<br/><br/>A variety of approaches have been adopted to model the behavior of lahar and to predict the hazards posed to downstream communities: empirical models developed, accounting mainly for some macro-observable phenomena, simple rheological and hydrological models that assume reasonable simplifications as a composition-independent flow behavior or a Newtonian flow regime, partial differential equations (PDE) which approximately describe the lahars, highly complex physics and hydrodynamics, and the Cellular Automata alternative methodology.<br/><br/>Cellular Automata are a parallel computational paradigm for modeling complex systems by defining simple laws at a local level that generate a global complex evolution. The research, reported in this book, adopts a Multicomponent (or Macroscopic) Cellular Automata (MCA) approach that was developed for numerical simulation purposes by an interdisciplinary research group in Italy. Its reliability and validation on various past events, related to both primary and secondary lahars and debris flow catastrophic events, produced many significant scientific results.<br/> |
| 501 ## - NOTA DE "CON" |
| Nota de “Con” |
Contents, Bibliography |
| 505 ## - NOTA DE CONTENIDO CON FORMATO |
| Nota de contenido con formato |
The Computational Paradigm of Cellular Automata.-- Modeling Complex Macroscopic Phenomena with Cellular Automata.-- Approaches to Modeling the Lahar Dynamics.-- The LLUNPIY MCA Model.-- LLUNPIY for Simulating Primary and Secondary Lahars.<br/> |
| 856 ## - LOCALIZACIÓN Y ACCESO ELECTRÓNICOS |
| Identificador Uniforme del Recurso |
<a href="https://editorial.unach.edu.ec/index.php/Editorial/catalog/book/134">https://editorial.unach.edu.ec/index.php/Editorial/catalog/book/134</a> |
| Texto de enlace |
Libro Digital - Surface Flows simulation by cellular automata: A short review of the llunpiy model. |
| 942 ## - ELEMENTOS DE PUNTO DE ACCESO ADICIONAL (KOHA) |
| Fuente del sistema de clasificación o colocación |
Clasificación Decimal Dewey |
| Tipo de ítem Koha |
Libro electrónico |
| 999 ## - NÚMEROS DE CONTROL DE SISTEMA (KOHA) |
| Koha biblionumber |
11641 |